|
|
|
|
| LEADER |
00000cas a2200000 c 4500 |
| 001 |
131182390 |
| 003 |
DE-627 |
| 005 |
20250630220437.0 |
| 007 |
tu |
| 008 |
931118d19211967fr z| m| 0 |0fre c |
| 016 |
7 |
|
|a 016725808
|2 DE-101
|
| 016 |
7 |
|
|a 1143863-0
|2 DE-600
|
| 035 |
|
|
|a (DE-627)131182390
|
| 035 |
|
|
|a (DE-576)013790714
|
| 035 |
|
|
|a (DE-599)ZDB1143863-0
|
| 035 |
|
|
|a (OCoLC)1367907535
|
| 040 |
|
|
|a DE-627
|b ger
|c DE-627
|e rakwb
|
| 041 |
|
|
|a fre
|
| 044 |
|
|
|c XA-FR
|
| 082 |
0 |
4 |
|a 050
|a 800
|a 500
|q DE-600
|
| 084 |
|
|
|a 7,25
|2 ssgn
|
| 084 |
|
|
|a 01.22
|2 bkl
|
| 245 |
0 |
0 |
|a Collection Armand Colin
|
| 264 |
3 |
1 |
|a Paris
|b Colin
|c 1921-1967
|
| 336 |
|
|
|a Text
|b txt
|2 rdacontent
|
| 337 |
|
|
|a ohne Hilfsmittel zu benutzen
|b n
|2 rdamedia
|
| 338 |
|
|
|a Band
|b nc
|2 rdacarrier
|
| 362 |
0 |
|
|a 1.1921 - 395.1967[?]
|
| 363 |
0 |
0 |
|a 1
|i 1921
|
| 363 |
1 |
0 |
|i 1967
|a 395
|
| 500 |
|
|
|a Das Gesamtwerk gliedert sich in d. ungezählten Unterreihen Section de geographie, Section chimie, Section de biologie, Section de mathematique, Section de langue et littératures, Section d'histoire et sciences économique, Section de physique, Section de philosophie, Section de Génie Civil
|
| 655 |
|
7 |
|a Monografische Reihe
|0 (DE-588)4179998-7
|0 (DE-627)104628669
|0 (DE-576)209995106
|2 gnd-content
|
| 655 |
|
7 |
|a Enzyklopädie
|0 (DE-588)4014986-9
|0 (DE-627)104675322
|0 (DE-576)208910085
|2 gnd-content
|
| 889 |
|
|
|w (DE-603)02810594X
|
| 889 |
|
|
|w (DE-627)1871368332
|
| 935 |
|
|
|a mteo
|
| 935 |
|
|
|i sdedup20221013
|
| 936 |
b |
k |
|a 01.22
|j Allgemeinenzyklopädien
|j Universallexika
|q ARK
|0 (DE-627)106403400
|
| 951 |
|
|
|a ST
|
| BIB |
|
|
|a 1
|c 1
|
| ELC |
|
|
|b 1
|
| ITA |
|
|
|a 1
|t 1
|
| LOK |
|
|
|0 000 xxxxxcx a22 zn 4500
|
| LOK |
|
|
|0 001 2467883868
|
| LOK |
|
|
|0 003 DE-627
|
| LOK |
|
|
|0 004 131182390
|
| LOK |
|
|
|0 005 20010516000000
|
| LOK |
|
|
|0 008 991228||||||||||||||||ger|||||||
|
| LOK |
|
|
|0 040
|a DE-21
|c DE-627
|d DE-21
|
| LOK |
|
|
|0 852
|a DE-21
|
| LOK |
|
|
|0 852 1
|9 00
|
| LOK |
|
|
|0 935
|a dika
|
| LOK |
|
|
|0 939
|a 28-12-99
|b l01
|
| LOK |
|
|
|0 000 xxxxxcx a22 zn 4500
|
| LOK |
|
|
|0 001 2467883876
|
| LOK |
|
|
|0 003 DE-627
|
| LOK |
|
|
|0 004 131182390
|
| LOK |
|
|
|0 005 20010517000000
|
| LOK |
|
|
|0 008 990421||||||||||||||||ger|||||||
|
| LOK |
|
|
|0 040
|a DE-21-31
|c DE-627
|d DE-21-31
|
| LOK |
|
|
|0 852
|a DE-21-31
|
| LOK |
|
|
|0 852 1
|c Einzelsignatur
|m p
|9 00
|
| LOK |
|
|
|0 938
|k p
|
| LOK |
|
|
|0 939
|a 21-04-99
|b l01
|
| LOK |
|
|
|0 000 xxxxxcx a22 zn 4500
|
| LOK |
|
|
|0 001 2467883884
|
| LOK |
|
|
|0 003 DE-627
|
| LOK |
|
|
|0 004 131182390
|
| LOK |
|
|
|0 005 20010517000000
|
| LOK |
|
|
|0 008 930324||||||||||||||||ger|||||||
|
| LOK |
|
|
|0 040
|a DE-21-108
|c DE-627
|d DE-21-108
|
| LOK |
|
|
|0 092
|o l
|
| LOK |
|
|
|0 852
|a DE-21-108
|
| LOK |
|
|
|0 852 1
|m p
|9 00
|
| LOK |
|
|
|0 938
|k p
|
| LOK |
|
|
|0 939
|a 24-03-93
|b l01
|
| LOK |
|
|
|0 000 xxxxxcx a22 zn 4500
|
| LOK |
|
|
|0 001 2467883892
|
| LOK |
|
|
|0 003 DE-627
|
| LOK |
|
|
|0 004 131182390
|
| LOK |
|
|
|0 005 20040817000000
|
| LOK |
|
|
|0 008 040817||||||||||||||||ger|||||||
|
| LOK |
|
|
|0 040
|a DE-21-17
|c DE-627
|d DE-21-17
|
| LOK |
|
|
|0 852
|a DE-21-17
|
| LOK |
|
|
|0 852 1
|m p
|9 00
|
| LOK |
|
|
|0 935
|a k017
|
| LOK |
|
|
|0 938
|k p
|
| LOK |
|
|
|0 939
|a 17-08-04
|b l01
|
| LOK |
|
|
|0 000 xxxxxcx a22 zn 4500
|
| LOK |
|
|
|0 001 2467883906
|
| LOK |
|
|
|0 003 DE-627
|
| LOK |
|
|
|0 004 131182390
|
| LOK |
|
|
|0 005 20010517000000
|
| LOK |
|
|
|0 008 000515||||||||||||||||ger|||||||
|
| LOK |
|
|
|0 040
|a DE-21-24
|c DE-627
|d DE-21-24
|
| LOK |
|
|
|0 852
|a DE-21-24
|
| LOK |
|
|
|0 852 1
|m p
|9 00
|
| LOK |
|
|
|0 938
|k p
|
| LOK |
|
|
|0 939
|a 15-05-00
|b l01
|
| LOK |
|
|
|0 000 xxxxxcx a22 zn 4500
|
| LOK |
|
|
|0 001 2467883914
|
| LOK |
|
|
|0 003 DE-627
|
| LOK |
|
|
|0 004 131182390
|
| LOK |
|
|
|0 005 20060922124022
|
| LOK |
|
|
|0 008 050715||||||||||||||||ger|||||||
|
| LOK |
|
|
|0 040
|a DE-21-11
|c DE-627
|d DE-21-11
|
| LOK |
|
|
|0 852
|a DE-21-11
|
| LOK |
|
|
|0 852 1
|m p
|9 00
|
| LOK |
|
|
|0 935
|a i011
|a k011
|
| LOK |
|
|
|0 938
|k p
|
| LOK |
|
|
|0 939
|a 15-07-05
|b l01
|
| LOK |
|
|
|0 000 xxxxxcx a22 zn 4500
|
| LOK |
|
|
|0 001 2467883922
|
| LOK |
|
|
|0 003 DE-627
|
| LOK |
|
|
|0 004 131182390
|
| LOK |
|
|
|0 005 20010517000000
|
| LOK |
|
|
|0 008 010129||||||||||||||||ger|||||||
|
| LOK |
|
|
|0 040
|a DE-21-19
|c DE-627
|d DE-21-19
|
| LOK |
|
|
|0 852
|a DE-21-19
|
| LOK |
|
|
|0 852 1
|m p
|9 00
|
| LOK |
|
|
|0 935
|a k019
|
| LOK |
|
|
|0 938
|k p
|
| LOK |
|
|
|0 939
|a 29-01-01
|b l01
|
| LOK |
|
|
|0 000 xxxxxcx a22 zn 4500
|
| LOK |
|
|
|0 001 2509320467
|
| LOK |
|
|
|0 003 DE-627
|
| LOK |
|
|
|0 004 131182390
|
| LOK |
|
|
|0 005 20060530110814
|
| LOK |
|
|
|0 008 060530||||||||||||||||ger|||||||
|
| LOK |
|
|
|0 040
|a DE-21-58
|c DE-627
|d DE-21-58
|
| LOK |
|
|
|0 852
|a DE-21-58
|
| LOK |
|
|
|0 852 1
|m p
|9 00
|
| LOK |
|
|
|0 935
|a retr
|a kneu
|
| LOK |
|
|
|0 938
|k p
|
| LOK |
|
|
|0 939
|a 30-05-06
|b l01
|
| LOK |
|
|
|0 000 xxxxxcx a22 zn 4500
|
| LOK |
|
|
|0 001 2538058864
|
| LOK |
|
|
|0 003 DE-627
|
| LOK |
|
|
|0 004 131182390
|
| LOK |
|
|
|0 005 20070713095319
|
| LOK |
|
|
|0 008 070713||||||||||||||||ger|||||||
|
| LOK |
|
|
|0 040
|a DE-21-85
|c DE-627
|d DE-21-85
|
| LOK |
|
|
|0 852
|a DE-21-85
|
| LOK |
|
|
|0 852 1
|m p
|9 00
|
| LOK |
|
|
|0 935
|a k085
|a i085
|a kneu
|
| LOK |
|
|
|0 938
|k p
|
| LOK |
|
|
|0 939
|a 13-07-07
|b l01
|
| LOK |
|
|
|0 000 xxxxxcx a22 zn 4500
|
| LOK |
|
|
|0 001 2538783119
|
| LOK |
|
|
|0 003 DE-627
|
| LOK |
|
|
|0 004 131182390
|
| LOK |
|
|
|0 005 20070724121300
|
| LOK |
|
|
|0 008 070724||||||||||||||||ger|||||||
|
| LOK |
|
|
|0 040
|a DE-21-32b
|c DE-627
|d DE-21-32b
|
| LOK |
|
|
|0 852
|a DE-21-32b
|
| LOK |
|
|
|0 852 1
|m p
|9 00
|
| LOK |
|
|
|0 935
|a k32b
|a kneu
|
| LOK |
|
|
|0 938
|k p
|
| LOK |
|
|
|0 939
|a 24-07-07
|b l01
|
| LOK |
|
|
|0 000 xxxxxcx a22 zn 4500
|
| LOK |
|
|
|0 001 2586485483
|
| LOK |
|
|
|0 003 DE-627
|
| LOK |
|
|
|0 004 131182390
|
| LOK |
|
|
|0 005 20081201095411
|
| LOK |
|
|
|0 008 081201||||||||||||||||ger|||||||
|
| LOK |
|
|
|0 040
|a DE-21-3
|c DE-627
|d DE-21-3
|
| LOK |
|
|
|0 852
|a DE-21-3
|
| LOK |
|
|
|0 852 1
|m p
|9 00
|
| LOK |
|
|
|0 935
|a k003
|a i003
|a kneu
|
| LOK |
|
|
|0 938
|k p
|
| LOK |
|
|
|0 939
|a 01-12-08
|b l01
|
| LOK |
|
|
|0 000 xxxxxcx a22 zn 4500
|
| LOK |
|
|
|0 001 2608118844
|
| LOK |
|
|
|0 003 DE-627
|
| LOK |
|
|
|0 004 131182390
|
| LOK |
|
|
|0 005 20090817092404
|
| LOK |
|
|
|0 008 090817||||||||||||||||ger|||||||
|
| LOK |
|
|
|0 040
|a DE-21-28
|c DE-627
|d DE-21-28
|
| LOK |
|
|
|0 852
|a DE-21-28
|
| LOK |
|
|
|0 852 1
|m p
|9 00
|
| LOK |
|
|
|0 935
|a k028
|a i028
|
| LOK |
|
|
|0 938
|k p
|
| LOK |
|
|
|0 939
|a 17-08-09
|b l01
|
| LOK |
|
|
|0 000 xxxxxcx a22 zn 4500
|
| LOK |
|
|
|0 001 2615609939
|
| LOK |
|
|
|0 003 DE-627
|
| LOK |
|
|
|0 004 131182390
|
| LOK |
|
|
|0 005 20091125105503
|
| LOK |
|
|
|0 008 091125||||||||||||||||ger|||||||
|
| LOK |
|
|
|0 040
|a DE-21-106
|c DE-627
|d DE-21-106
|
| LOK |
|
|
|0 852
|a DE-21-106
|
| LOK |
|
|
|0 852 1
|m p
|9 00
|
| LOK |
|
|
|0 935
|a k106
|a i106
|
| LOK |
|
|
|0 938
|k p
|
| LOK |
|
|
|0 939
|a 25-11-09
|b l01
|
| LOK |
|
|
|0 000 xxxxxcx a22 zn 4500
|
| LOK |
|
|
|0 001 2696221987
|
| LOK |
|
|
|0 003 DE-627
|
| LOK |
|
|
|0 004 131182390
|
| LOK |
|
|
|0 005 20111125164650
|
| LOK |
|
|
|0 008 111125||||||||||||||||ger|||||||
|
| LOK |
|
|
|0 040
|a DE-21-45
|c DE-627
|d DE-21-45
|
| LOK |
|
|
|0 852
|a DE-21-45
|
| LOK |
|
|
|0 852 1
|m p
|9 00
|
| LOK |
|
|
|0 935
|a k045
|a i045
|
| LOK |
|
|
|0 938
|k p
|
| LOK |
|
|
|0 939
|a 25-11-11
|b l01
|
| LOK |
|
|
|0 000 xxxxxcx a22 zn 4500
|
| LOK |
|
|
|0 001 273517302X
|
| LOK |
|
|
|0 003 DE-627
|
| LOK |
|
|
|0 004 131182390
|
| LOK |
|
|
|0 005 20130118112305
|
| LOK |
|
|
|0 008 130118||||||||||||||||ger|||||||
|
| LOK |
|
|
|0 040
|a DE-21-32c
|c DE-627
|d DE-21-32c
|
| LOK |
|
|
|0 852
|a DE-21-32c
|
| LOK |
|
|
|0 852 1
|m p
|9 00
|
| LOK |
|
|
|0 938
|k p
|
| LOK |
|
|
|0 939
|a 18-01-13
|b l01
|
| LOK |
|
|
|0 000 xxxxxcx a22 zn 4500
|
| LOK |
|
|
|0 001 2807586252
|
| LOK |
|
|
|0 003 DE-627
|
| LOK |
|
|
|0 004 131182390
|
| LOK |
|
|
|0 005 20140722170506
|
| LOK |
|
|
|0 008 140722||||||||||||||||ger|||||||
|
| LOK |
|
|
|0 040
|a DE-21-62
|c DE-627
|d DE-21-62
|
| LOK |
|
|
|0 852
|a DE-21-62
|
| LOK |
|
|
|0 852 1
|m p
|9 00
|
| LOK |
|
|
|0 935
|a k062
|a i062
|
| LOK |
|
|
|0 938
|k p
|
| LOK |
|
|
|0 939
|a 22-07-14
|b l01
|
| LOK |
|
|
|0 000 xxxxxcx a22 zn 4500
|
| LOK |
|
|
|0 001 2933330415
|
| LOK |
|
|
|0 003 DE-627
|
| LOK |
|
|
|0 004 131182390
|
| LOK |
|
|
|0 005 20160714151305
|
| LOK |
|
|
|0 008 160714||||||||||||||||ger|||||||
|
| LOK |
|
|
|0 040
|a DE-21-34
|c DE-627
|d DE-21-34
|
| LOK |
|
|
|0 852
|a DE-21-34
|
| LOK |
|
|
|0 852 1
|m p
|9 00
|
| LOK |
|
|
|0 852 2
|b Indologie
|9 00
|
| LOK |
|
|
|0 935
|a indo
|
| LOK |
|
|
|0 938
|k p
|
| LOK |
|
|
|0 939
|a 14-07-16
|b l01
|
| ORI |
|
|
|a TA-MARC-ixtheob001.raw
|
| REL |
|
|
|a 1
|
| SPR |
|
|
|a 1
|t BIB
|t IXT
|t REL
|
| SUB |
|
|
|a REL
|